Un siglo después de Darwin
Shranjeno v:
| Glavni avtor: | |
|---|---|
| Format: | Knjiga |
| Jezik: | španščina |
| Izdano: |
Madrid
Alianza Editorial
1982
|
| Izdaja: | 5a. ed |
| Teme: | |
| Oznake: |
Označite
Brez oznak, prvi označite!
|
MARC
| LEADER | 00000nam a2200000 a 4500 | ||
|---|---|---|---|
| 001 | UCP7496 | ||
| 003 | CL-VaPUC | ||
| 008 | 991217e19820000SP |||||||||||||||||spa|d | ||
| 082 | 0 | 4 | |a 573.2 |b BAR |2 21 |
| 100 | 0 | |a Barnett, S. A |e author |9 436885 | |
| 245 | 1 | 3 | |a Un siglo después de Darwin |
| 250 | |a 5a. ed | ||
| 300 | |a 248 p | ||
| 942 | |c BK | ||
| 945 | |d 19991217 00:00:00 |a rherrera | ||
| 260 | |a Madrid |b Alianza Editorial |c 1982 | ||
| 500 | |a v.1: La evolución | ||
| 500 | |a v.2: El orígen del hombre | ||
| 600 | 0 | |a Darwin Charles |9 398 | |
| 650 | 0 | |a Antropología |9 233030 | |
| 650 | 0 | |a Evolución humana |9 266935 | |
| 650 | 7 | |a ORIGEN DEL HOMBRE |2 CL-VaPUC |9 308324 | |
| 650 | 7 | |a TEORIA DE LA EVOLUCION |2 CL-VaPUC |9 436886 | |
| 583 | |a last modification |c 19991217 00:00:00 |k Rodrigo Vera | ||
| 999 | |c 284621 |d 284619 | ||
| 952 | |0 0 |1 0 |4 0 |6 573_200000000000000_BAR_1982 |7 0 |8 A |9 328765 |a BIBHIS |b BIBHIS |d 2019-11-20 |h v.1 |i 1378171 |l 1 |o 573.2 BAR 1982 |p 1378171 |r 2025-04-02 |s 2025-03-27 |w 2019-11-20 |y BK |k HIS | ||
| 952 | |0 0 |1 0 |4 0 |6 573_200000000000000_BAR_1982 |7 0 |8 A |9 328766 |a BIBHIS |b BIBHIS |d 2019-11-20 |h v.2 |i 137818K |o 573.2 BAR 1982 |p 137818K |r 2025-01-20 |w 2019-11-20 |y BK |k HIS | ||